Diaľničný chaos po slovensky
Obrovský tlak na rýchlosť výstavby diaľníc priniesol problémy s ekológmi, protiústavné konania voči vlastníkom pôdy a zavaril štátu v oblasti kvality projektov aj výstavby. (Spadnutý rozostavaný most na diaľnici D1 na Spiši.)
Gespeichert in:
| Format: | Buchkapitel |
|---|---|
| Sprache: | Slowakisch |
| Schlagworte: | |
| Tags: |
Keine Tags, Fügen Sie das erste Tag hinzu!
|
MARC
| LEADER | 00000naa a2200000 4500 | ||
|---|---|---|---|
| 001 | 0162719 | ||
| 005 | 20231113080527.8 | ||
| 041 | 0 | |a slo | |
| 044 | |a SK | ||
| 245 | 1 | 0 | |a Diaľničný chaos po slovensky |
| 520 | |a Obrovský tlak na rýchlosť výstavby diaľníc priniesol problémy s ekológmi, protiústavné konania voči vlastníkom pôdy a zavaril štátu v oblasti kvality projektov aj výstavby. (Spadnutý rozostavaný most na diaľnici D1 na Spiši.) | ||
| 610 | 2 | 0 | |a diaľnice |
| 610 | 2 | 0 | |a stavba ciest |
| 610 | 2 | 0 | |a Slovensko |